Geoinformation : (Record no. 4501)

MARC details
000 -LEADER
fixed length control field 00751nam a22002292 4500
001 - CONTROL NUMBER
control field 0000024244
005 - DATE AND TIME OF LATEST TRANSACTION
control field 20151217145946.0
008 - FIXED-LENGTH DATA ELEMENTS--GENERAL INFORMATION
fixed length control field 130620s xx 000 0 eng d
020 ## - INTERNATIONAL STANDARD BOOK NUMBER
International Standard Book Number 0415237955 :
040 ## - CATALOGING SOURCE
Original cataloging agency KABU
Transcribing agency KABU
100 1# - MAIN ENTRY--PERSONAL NAME
Personal name Konecny, Gottfried.
-- 0000184231
245 10 - TITLE STATEMENT
Title Geoinformation :
Remainder of title remote sensing, photogrammetry and geographic information systems /
Statement of responsibility, etc. Gottfied Konecny.
250 ## - EDITION STATEMENT
Edition statement 1st ed.
260 ## - PUBLICATION, DISTRIBUTION, ETC. (IMPRINT)
Place of publication, distribution, etc. London :
Name of publisher, distributor, etc. Taylor & Francis,
Date of publication, distribution, etc. 2003.
300 ## - PHYSICAL DESCRIPTION
Extent xiii, 248 p.
650 #0 - SUBJECT ADDED ENTRY--TOPICAL TERM
Topical term or geographic name as entry element Geographic information systems.
-- 0000169612
650 #0 - SUBJECT ADDED ENTRY--TOPICAL TERM
Topical term or geographic name as entry element Remote sensing.
-- 0000149679
650 #0 - SUBJECT ADDED ENTRY--TOPICAL TERM
Topical term or geographic name as entry element Photogrammetry.
-- 0000184232
852 1# - LOCATION
-- p4973 KES
908 ## - PUT COMMAND PARAMETER (RLIN)
Put command parameter 130620
950 ## - LOCAL HOLDINGS (RLIN)
-- 1
Holdings
Withdrawn status Lost status Source of classification or shelving scheme Not for loan Home library Current library Date acquired Total Checkouts Full call number Barcode Date last seen Price effective from Koha item type
    Library of Congress Classification   Kabarak, Main Campus Kabarak, Main Campus 17/12/2015   G70.212 .K66 2003 c. 1 015707 17/12/2015 17/12/2015 General Collection
Designed with assistance from East African Informatics Ltd